Đặc điểm nghệ thuật tiểu thuyết Nguyễn Khắc Phê
Nguyễn Khắc Phê - cuộc đời và hành trình sáng tạo...Đặc điểm nội dung nghệ thuật của tiểu thuyết Nguyễn Khắc Phê...Đặc điểm hình thức nghệ thuật của tiểu thuyết Nguyễn Khắc Phê...
שמור ב:
| מחבר ראשי: | |
|---|---|
| מחברים אחרים: | |
| פורמט: | ספר |
| שפה: | Vietnamese |
| יצא לאור: |
Đại học Sư Phạm
Đại học Đà Nẵng
2011
|
| נושאים: | |
| תגים: |
הוספת תג
אין תגיות, היה/י הראשונ/ה לתייג את הרשומה!
|
| Thư viện lưu trữ: | Mạng thư viện Đại học Đà Nẵng |
|---|
| LEADER | 01472nam a2200325 4500 | ||
|---|---|---|---|
| 001 | 000011671 | ||
| 003 | 7934 | ||
| 005 | 20120208090227.0 | ||
| 008 | 120208s2011 viesd | ||
| 041 | |a vie | ||
| 072 | |a Luận văn thạc sĩ khoa học xã hội và nhân văn | ||
| 082 | |a 895.92233 |b NG-T | ||
| 100 | 1 | |a Nguyễn, Văn Nhật Thành | |
| 245 | 1 | |a Đặc điểm nghệ thuật tiểu thuyết Nguyễn Khắc Phê |c Nguyễn, Văn Nhật Thành | |
| 260 | |a Đại học Sư Phạm |b Đại học Đà Nẵng |c 2011 | ||
| 300 | |a 123 tr. |c 29 cm. |e 1 bản tóm tắt, 1 đĩa CD | ||
| 500 | |a Luận văn thạc sĩ | ||
| 520 | |a Nguyễn Khắc Phê - cuộc đời và hành trình sáng tạo...Đặc điểm nội dung nghệ thuật của tiểu thuyết Nguyễn Khắc Phê...Đặc điểm hình thức nghệ thuật của tiểu thuyết Nguyễn Khắc Phê... | ||
| 653 | |a Nguyễn Khắc Phê | ||
| 700 | |a Hồ, Thế Hà |c Người hướng dẫn |e PGS.TS | ||
| OWN | |a LSP | ||
| AVA | |a UDN50 |b LSP |d 895.92233 NG-T |e available |t Error 5001 Not defined in file expand_doc_bib_avail. |f 1 |g 0 |h N |i 0 |k 1 | ||
| 999 | |a From the UDN01 | ||
| AVA | |a UDN50 |b LSP |d 895.92233 NG-T |e available |t Error 5001 Not defined in file expand_doc_bib_avail. |f 1 |g 0 |h N |i 0 |k 1 | ||
| TYP | |a Monograph | ||
| TYP | |a Printed language | ||
| 980 | |a Mạng thư viện Đại học Đà Nẵng | ||